banner-ar

ANNUAL REPORT: SEATTLE ART MUSEUM 1961 / (Record no. 12111)

MARC details
000 -الفاتح
حقل البيانات ثابتة الطول 00426nam a2200157Ia 4500
008 - عناصر البيانات ثابتة الطول - معلومات عامة
حقل البيانات ثابتة الطول 140319s9999 xx 000 0 eng d
040 ## - مصدر الفهرسة
وكالة الفهرسة الأصلية GCL /
وكالة النسخ GCL
082 04 - رقم تصنيف ديوى العشرى
رقم التصنيف 069
رقم المادة S A
100 1# - المدخل الرئيسى - إسم شخصى
الإسم الشخصى SEATTLE ART MUSEUM
245 10 - بيان العنوان
العنوان ANNUAL REPORT: SEATTLE ART MUSEUM 1961 /
بيان المسئوليه,etc SEATTLE ART MUSEUM
260 ## - PUBLICATION, DISTRIBUTION, ETC. (IMPRINT)
تاريخ النشر أو التوزيع 1965
300 ## - الوصف المادى
التعداد 80 P
650 04 - المدخل الاضافى بالموضوع-مصطلح موضوعى
مصطلح موضوعي SEATTLE ART MUSEUM
942 ## - عناصر المدخل الإضافي( كوها)
مصدر التصنيف او مخطط الترفيف Dewey Decimal Classification
Koha [default] item type كتاب
260 ## - PUBLICATION, DISTRIBUTION, ETC. (IMPRINT)
-- [S.N] :
-- SEATTLE ART MUSEUM ،
Holdings
حالة التراجع حالة الفقد حالة تلف ليس للاعارة المكان المؤقت الموقع الحالى تاريخ الاكتساب اجمالي اﻻعارات رقم الطلب الباركود تاريخ اخر مشاهدة تاريخ تفعيل السعر نوع وعاء كوها
        مكتبة القاهرة الكبرى مكتبة القاهرة الكبرى 03/26/2014   069\S A 23692 03/26/2014 03/26/2014 كتاب

Powered By

EGPV